Normal view
MARC view
Entry Personal Name
001 - CONTROL NUMBER
- control field: 282931
003 - CONTROL NUMBER IDENTIFIER
- control field:
005 - DATE AND TIME OF LATEST TRANSACTION
- control field: 20210601211953.0
008 - FIXED-LENGTH DATA ELEMENTS
- fixed length control field: 210601|| aca||aabn | a|a d
040 ## - CATALOGING SOURCE
- Original cataloging agency:
- Transcribing agency:
100 ## - HEADING--PERSONAL NAME
- Personal name: Acton, John Emerich Edward Dalberg,
- Dates associated with a name: 1834-1902
670 ## - SOURCE DATA FOUND
- Source citation: Work cat.: (): Drew, Mary 282930, Action, Gladstone and others /, 1924
